Možnosti regulácie burín pred a po zbere obilnín

Bibliographic Details
Main Author: Mikulka, Jan, 1953- (Author)
Format: Article
Language:Slovak
PhysicalDescription:Fotogr., tab.
ISSN:1335-2466
Subjects:

MARC

LEADER 00000nab a2200000 a 4500
001 vtls009143476
003 SK-MaSNL
005 20260304233947.0
008 250507c2007 xo |||||||||||000 b|slo
015 |a SNBRB2007/09  |2 snkbucl 
035 |a (uuid)5dcf2a9c-e6d0-4eb1-804f-316de8586a0e 
035 |a urn:nbn:sk:snk-ab10wa 
035 |a (urnnbn)urn:nbn:sk:snk:ar-a04kwp 
038 |a SNKBUCL 
040 |a SNKBUCL  |b slo  |c SNKBUCL  |e AACR2 
041 0 |a slo 
044 |a xo  |c SK 
080 |a 633.1:632.9  |2 1997 
080 |a 632.954  |2 1997 
080 |a 632.51  |2 1997 
100 1 |a Mikulka, Jan,  |d 1953-  |4 aut  |9 198841 
245 1 0 |a Možnosti regulácie burín pred a po zbere obilnín  |c Jan Mikulka 
300 |b Fotogr., tab. 
650 0 7 |a obilniny  |2 snkbucl  |9 19007 
650 0 7 |a ochrana rastlín  |2 snkbucl  |9 3636 
650 0 7 |a buriny  |2 snkbucl  |9 15855 
650 0 7 |a herbicídy  |2 snkbucl  |9 14852 
650 0 7 |a zber poľnohospodárskych plodín  |2 snkbucl  |9 428689 
773 0 |t Naše pole  |g Roč. XI, č. 8 (2007), s. 38-39  |x 1335-2466 
850 |a Slovenská národná knižnica 
852 |a Slovenská národná knižnica 
954 |a odborná, vedecká literatúra pôvodná (slovenská)  |2 lita 
958 |a article27 
958 |a OND 
958 |a EUIPO 
999 |c 3201216  |d 3203146